Регионална библиотека "Любен Каравелов" - Русе

Градинката на дядо Благо (Запис номер 142680)

MARC детайли
000 -Лидер
Контролно поле с фиксирана дължина 02192nam a2200445 a 4500
003 - Код на организацията, давaща контролен номер
Контролно поле BLK
005 - Дата и час на последна редакция
Контролно поле 20250517124607.0
008 - Елементи от данни с фиксирана дължина
fixed length control field 180409b bul|||||r ||||||| ||bul||
010 ## - Наследен системен номер
LC control number KNG00148777000
040 ## - Източник на каталожния запис
Идентификатор на билиотеката - собственик на записа BLK
041 ## - Код за език
Код за езика на текст/звукозапис или на отделно заглавие Български
Код за езика КДБФ Български
080 ## - УДК
Текстов определител УДК Българска литература
УДК код - определител по УДК 821.163.2
УДК определител -93-8
УДК - код + определител 821.163.2-93-8
100 1# - Редна дума - Автор
Автор Дядо Благо
Авторска отговорност първи автор
Автор - информация (биография) Русев, Стоян Стойков
R(LIN) 276579
139 ## - Редно поле
Редна дума Русев, Стоян Стойков
Авторски знак Русе - Р 94
245 10 - Сведения за заглавието
Заглавие Градинката на дядо Благо
Подзаглавни данни Гатанки, стихотворения, приказки, скоропоговорки
Редно поле (дума) Дядо Благо; състав. и ред. Божанка Константинова; състав. и ред. Милка Райчева; худож. Надежда Йончева; предг. от Божанка Константинова; * Стоян Стойков Русев.
257 ## - Страна на издаване
Страна на създаване/издаване България
260 ## - Област на издателските данни
Място на издаване, разпространение и проч. София
Име на издателя, разпространителя и проч. Бълг. писател
Година на издаване 1987
300 ## - Физическа характеристика
Страници 132 с.
Илюстрации и др. с цв. ил.
Размери/Мащаб 19Х20 см
380 ## - Жанр
Жанр Детска худож. лит.
500 ## - Общи забележки
Забележка Истинското име на авт. е Стоян Стойков Русев. - Офс. изд. - 105 245 тир. ; 34 755 екз. от тир. подв.
653 ## - Ключова дума – ненормативна
Ключова дума гатанки
653 ## - Ключова дума – ненормативна
Ключова дума стихотворения за деца
653 ## - Ключова дума – ненормативна
Ключова дума приказки
653 ## - Ключова дума – ненормативна
Ключова дума скоропоговорки
653 ## - Ключова дума – ненормативна
Ключова дума литература за деца
653 ## - Ключова дума – ненормативна
Ключова дума детска литература
700 1# - Други автори (авторска отговорност)
Лично име Константинова, Божанка
Автороска отговорност (Описва отношението между автора и произведението) състав. и ред.
9 (RLIN) 367779
700 1# - Други автори (авторска отговорност)
Лично име Райчева, Милка
Автороска отговорност (Описва отношението между автора и произведението) състав. и ред.
9 (RLIN) 327709
700 1# - Други автори (авторска отговорност)
Лично име Йончева, Надежда
Автороска отговорност (Описва отношението между автора и произведението) худож.
9 (RLIN) 379218
700 1# - Други автори (авторска отговорност)
Лично име Константинова, Божанка
Автороска отговорност (Описва отношението между автора и произведението) предг. от
9 (RLIN) 367779
700 1# - Други автори (авторска отговорност)
Лично име Русев, Стоян Стойков
Автороска отговорност (Описва отношението между автора и произведението) *
9 (RLIN) 367517
852 ## - Местоположение
Форматна сигнатура Цб 262421
856 4# - Електронен адрес и достъп
Електронен формат pdf - файл
Инструкция (цена за достъп) 2.29
Права за достъп disable
856 4# - Електронен адрес и достъп
Електронен формат pdf - файл
Инструкция (цена за достъп) 2.29
Права за достъп disable
999 ## - СИСТЕМНИ КОНТРОЛНИ НОМЕРА
Koha biblionumber 142680
Koha biblioitemnumber 142680
942 ## - АРТИКУЛИ
Вид на библиотечния материал Книги
Скрит в OPAC Не
Koha issues (borrowed), all copies 32
Периодичен библиозапис Да
944 ## - СЪЗДАВАНЕ И РЕДАКЦИЯ на ЗАПИСА
Създаване/Редакция Създаване
Дата на регистрацията/редакция 07.08.2013
Статус, дата на статуса Кети Илиева
Служител, извършил регистрацията/редакцията 30550
944 ## - СЪЗДАВАНЕ И РЕДАКЦИЯ на ЗАПИСА
Създаване/Редакция Редакция
Дата на регистрацията/редакция 22.01.2014
Статус, дата на статуса ф / 07.08.2013
999 ## - СИСТЕМНИ КОНТРОЛНИ НОМЕРА
Koha biblioitemnumber 142680
999 ## - СИСТЕМНИ КОНТРОЛНИ НОМЕРА
Koha biblioitemnumber 142680
Наличности
Код за отписване Код за изгубен артикул Източник на класификационната схема Код за повреда Коз за рестрикции Код за отдаване Артикулен № Име на библиотеката - собственик Име на библиотеката, в която се намира в момента Статус (Текущо местоположение) Дата на вписване в системата Местоположение - отдел Цена в лева Инвентарен номер Систематично азбучна сигнатура Баркод Номер на екземпляра Цена в евро Служебна бележка Служебен тип на артикула
  Не е изгубен Universal Decimal Classification Не е повреден без рестрикции ползва се в читалня 236210 Регионална библиотека "Любен Каравелов" Русе Регионална библиотека "Любен Каравелов" Русе Хранилище 1987-01-01 Хранилище 2.29 518988 Цб 262421 120000518988 1 1.17 Дост: Dp Вид: СФ N: стар фонд Дата: 01.01.1987 Книги
  Не е изгубен Universal Decimal Classification Не е повреден без рестрикции заемане за дома 236211 Регионална библиотека "Любен Каравелов" Русе Регионална библиотека "Любен Каравелов" Русе Подвързия, Комплектуване 1987-01-01 Детски отдел 1.75 487984 ДХ 886.7/Р 94 120000487984 2 0.89 Дост: Pk Вид: СФ N: стар фонд Дата: 01.01.1987 Дата инв: 25.09.2015 Бележки инв: Д2015 Книги
Изтеглен Не е изгубен Universal Decimal Classification Не е повреден без рестрикции заемане за дома 236212 Регионална библиотека "Любен Каравелов" Русе Регионална библиотека "Любен Каравелов" Русе Детски отдел 1987-01-01 Детски отдел 1.75 487985 ДХ 886.7/Р 94 487985 3 0.89 Дост: Pk Вид: СФ N: стар фонд Дата: 01.01.1987 Дата инв: 05.08.2015 Бележки инв: Д2015 Книги
  Не е изгубен Universal Decimal Classification Не е повреден без рестрикции заемане за дома 236213 Регионална библиотека "Любен Каравелов" Русе Регионална библиотека "Любен Каравелов" Русе Детски отдел 1987-01-01 Детски отдел 1.75 487986 ДХ 886.7/Р 94 120000487986 4 0.89 Дост: Pk Вид: СФ N: стар фонд Дата: 01.01.1987 Дата инв: 05.08.2015 Бележки инв: Д2015 Книги
  Не е изгубен Universal Decimal Classification Не е повреден без рестрикции заемане за дома 236214 Регионална библиотека "Любен Каравелов" Русе Регионална библиотека "Любен Каравелов" Русе Детски отдел 1987-01-01 Детски отдел 0.01 624667 ДХ 886.7/Р 94 120000624667 5 0.01 Дост: Pk Вид: СФ N: стар фонд Дата: 01.01.1987 Дата инв: 05.08.2015 Бележки инв: Д2015 Книги
  Не е изгубен Universal Decimal Classification Не е повреден без рестрикции заемане за дома 236215 Регионална библиотека "Любен Каравелов" Русе Регионална библиотека "Любен Каравелов" Русе Детски отдел 2014-01-07 Детски отдел 1.75 120000773284 ДХ 886.7/Р 94 120000773284 6 0.89 Дост: DA Вид: А N: 1 Дата: 07.01.2014 Дата инв: 11.08.2015 Бележки инв: Д2015 Книги
  Не е изгубен Universal Decimal Classification Не е повреден   заемане за дома 727878 Регионална библиотека "Любен Каравелов" Русе Регионална библиотека "Любен Каравелов" Русе Детски отдел 2019-07-04 Детски отдел 1.75 120000833098 ДХ 886.7/Р 94 120000833098   0.89   Книги
Vip Innovations Ltd, Rousse, Bulgaria 2025